| 000 | 00607ata a2200205 4500 | ||
|---|---|---|---|
| 005 | 20160823105749.0 | ||
| 008 | 150514b xxu||||| |||| 00| 0 spa d | ||
| 041 | _aEspañol | ||
| 082 | _a1.0.1 B837g | ||
| 100 |
_aBrenes Bonilla, Lizette _91530 |
||
| 245 | _aGestión estratégica de la microempresa turística | ||
| 260 |
_aCosta Rica _bUNED _c2008 |
||
| 300 | _a230 páginas | ||
| 650 |
_aCOSTA RICA _915238 |
||
| 650 |
_aEMPRESAS TURÍSTICAS _91531 |
||
| 650 |
_aMICROEMPRESAS TURÍSTICAS _91532 |
||
| 650 |
_aPROYECTOS TURÍSTICOS _91533 |
||
| 650 |
_aPLANIFICACIÓN TURÍSTICA _91534 |
||
| 942 | _cBK | ||
| 999 |
_c5484 _d5484 |
||